| 000 | 01568nam0a22003011 4500 | ||
|---|---|---|---|
| 001 | rc\4388805 | ||
| 005 | 20260407052150.0 | ||
| 021 |
_aRU _bРг1053-64 |
||
| 035 | _a(NLR Aleph) 008293036 | ||
| 090 |
_a8588268 _c8588268 |
||
| 100 | _a20130416d1963 |||y0rusy50 ca | ||
| 101 | 0 | _arus | |
| 102 | _aRU | ||
| 105 | _ay z ||||| | ||
| 200 | 1 |
_aВременная инструкция по применению средств защиты и повышению биологической стойкости строительных материалов из измельченной древесины _fГос. ком. по лесной, целлюлозно-бум. деревообрабатывающей пром-сти и лесному хоз-ву при Госплане СССР. Укр. науч.-исслед. ин-т мех. обработки древесины |
|
| 210 |
_aКиев _cБ. и. _d1963 |
||
| 215 |
_a9 с. _d19 |
||
| 300 | _aНа обороте тит. л. сост.: канд. с.-х. наук В.Н. Костомаров, Г.А. Крапивко, Э.К. Чурикова | ||
| 300 | _aОтпеч. множит. аппаратом | ||
| 702 | 1 |
_aКрапивко _bГ.А. _4220 |
|
| 702 | 1 |
_aЧурикова _bЭ.К. _4220 |
|
| 702 | 1 |
_aКостомаров _bВ.Н. _4220 |
|
| 712 | 0 | 2 |
_aУкраинский НИИ механической обработки древесины _cКиев _3RU\NLR\AUTH\8810021644 _9541161 |
| 801 | 0 |
_aRU _bNLR _gpsbo |
|
| 801 | 1 |
_aRU _bELAR _2rusmarc |
|
| 852 |
_aNLR _j64-4/3102 |
||
| 942 | _cBOOK | ||
| 980 | _aNB | ||